| 000 | 00272 a2200085 4500 | ||
|---|---|---|---|
| 100 | 1 |
_aRazumov, O.S.. _eAutor |
|
| 245 | 0 |
_aOrganizacija dannych v vycislitel'nych sistemach / _cRazumov O.S.. |
|
| 710 | 2 |
_aStatistika. _eWydawca _4pbl |
|
| 260 |
_aMoskva : _bStatistika, _c1978. |
||
| 300 |
_a181 s.; _c24 cm. |
||
| 999 |
_c10908 _d10908 |
||